Movies Quiz

Random Movies or Actor Quiz

Oscar Winning Supporting Actors Not Born in America Quiz Stats

Quiz not verified by Sporcle

Also try: Yellow Movies
Challenge
Share
Tweet
Embed
Score 0/23 Timer 10:00
0 Plays Today
Movie Actor % Correct
The Dark KnightHeath Ledger
96.4%
The FighterChristian Bale
94%
Inglourious Basterds, Django UnchainedChristoph Waltz
93.4%
No Country for Old MenJavier Bardem
92.2%
The Untouchables Sean Connery
91%
Hannah and Her Sisters, The Cider House RulesMichael Caine
89.2%
TrafficBenicio del Toro
87.4%
Beginners Christopher Plummer
76%
IrisJim Broadbent
64.7%
Viva Zapata!, Lust for LifeAnthony Quinn
57.5%
ArthurJohn Gielgud
55.7%
The Killing FieldsHaing S. Ngor
55.7%
Movie Actor % Correct
Spartacus, TopkapiPeter Ustinov
52.7%
The Treasure of the Sierra MadreWalter Huston
44.3%
The Best Years of Our LivesHarold Russell
31.7%
The Paper ChaseJohn Houseman
31.7%
All About EveGeorge Sanders
28.7%
Ryan's DaughterJohn Mills
28.7%
Going My WayBarry Fitzgerald
26.9%
Miracle on 34th StreetEdmund Gwenn
25.1%
Ben-HurHugh Griffith
22.8%
How Green Was My ValleyDonald Crisp
17.4%
The Life of Emile ZolaJoseph Schildkraut
16.8%

You're not logged in!

Compare scores with friends on all Sporcle quizzes.
Join for Free
OR
Log In

You Might Also Like...

Show Comments

Extras

Top Quizzes Today


Score Distribution

Your Account Isn't Verified!

In order to create a playlist on Sporcle, you need to verify the email address you used during registration. Go to your Sporcle Settings to finish the process.

Report this User

Report this user for behavior that violates our Community Guidelines.

Details: